[Event "Portugal Open 2020"]
[Site "Lisboa POR"]
[Date "2020.01.29"]
[Round "6.94"]
[White "Correia, Mário Lino"]
[Black "Antunes, Ana"]
[Result "0-1"]
[WhiteElo "1453"]
[BlackElo "1215"]
[WhiteFideId "1967517"]
[BlackFideId "1936310"]
[WhiteCountry "POR"]
[BlackCountry "POR"]
[PlyCount "58"]
[EventDate "2020.01.25"]

1. Nf3 Nc6 2. b3 d5 3. Bb2 Bg4 4. e3 e6 5. Be2 Nf6 6. O-O Be7 7. d3 O-O 8. h3
Bh5 9. Nbd2 Re8 10. Ng5 Bxe2 11. Qxe2 Nd7 12. Ngf3 Bd6 13. e4 a5 14. a3 Nb6 15.
e5 Bc5 16. d4 Be7 17. Nh2 Bg5 18. f4 Bh4 19. f5 Bg5 20. Ndf3 exf5 21. Nxg5 Qxg5
22. Bc1 Qe7 23. Rxf5 Nxd4 24. Qd3 Nxf5 25. Qxf5 Qxe5 26. Qxe5 Rxe5 27. Bf4 Re7
28. Nf3 c6 29. Nd4 Re4 0-1

[Event "Portugal Open 2020"]
[Site "Lisboa POR"]
[Date "2020.01.29"]
[Round "6.95"]
[White "Artozqui Irurzun, Ernesto"]
[Black "Corrie, Michael"]
[Result "1/2-1/2"]
[WhiteElo "1241"]
[BlackElo "1423"]
[WhiteFideId "54581826"]
[BlackFideId "2631067"]
[WhiteCountry "ESP"]
[BlackCountry "CAN"]
[PlyCount "82"]
[EventDate "2020.01.25"]

1. c4 e6 2. Nc3 d5 3. cxd5 exd5 4. d4 c6 5. Nf3 Bd6 6. e4 dxe4 7. Nxe4 Bb4+ 8.
Bd2 Bxd2+ 9. Qxd2 Nf6 10. Nxf6+ Qxf6 11. Bd3 Qe7+ 12. Be2 O-O 13. O-O Be6 14.
Rfe1 Qd6 15. Qc2 h6 16. Rad1 Nd7 17. b3 Nb6 18. Rd2 Nd5 19. Qe4 Nc3 20. Qe3
Nxe2+ 21. Rdxe2 Rfe8 22. Qd3 Qd7 23. h3 Bd5 24. Ne5 Qc7 25. Qd2 a5 26. Re3 a4
27. b4 f6 28. Ng6 Qf7 29. Rxe8+ Rxe8 30. Rxe8+ Qxe8 31. Nf4 Qe4 32. a3 b5 33. f3
Qb1+ 34. Kh2 Qb3 35. Qc1 Qa2 36. Nxd5 Qxd5 37. Qc3 Qc4 38. Qe3 Qb3 39. Qe8+ Kh7
40. Qe4+ Kh8 41. Qe8+ Kh7 1/2-1/2

[Event "Portugal Open 2020"]
[Site "Lisboa POR"]
[Date "2020.01.29"]
[Round "6.100"]
[White "Cavadas, José"]
[Black "Moura, Miguel"]
[Result "1-0"]
[WhiteElo "1529"]
[BlackElo "1029"]
[WhiteFideId "1904990"]
[BlackFideId "1963430"]
[WhiteCountry "POR"]
[BlackCountry "POR"]
[PlyCount "67"]
[EventDate "2020.01.25"]

1. d4 d5 2. Nf3 Nf6 3. c4 e6 4. Nc3 c6 5. Bg5 Nbd7 6. e3 Nb6 7. c5 Nbd7 8. Bd3
Be7 9. O-O O-O 10. Rc1 b6 11. b4 a5 12. bxa5 Rxa5 13. cxb6 Nxb6 14. Ne5 Qc7 15.
Nb5 Qb7 16. Nxc6 Rxa2 17. Nxe7+ Qxe7 18. Qb3 Ra4 19. Rb1 Ba6 20. Rfc1 Bxb5 21.
Qxb5 Rb8 22. Qxa4 h6 23. Rxb6 Qd8 24. Rxb8 Qxb8 25. Bxf6 gxf6 26. Qc2 Kg7 27. h3
e5 28. dxe5 Qxe5 29. Qc3 Qb8 30. Qc7 Qb2 31. Qg3+ Kf8 32. Rc8+ Ke7 33. Qc7+ Ke6
34. Re8# 1-0

[Event "Portugal Open 2020"]
[Site "Lisboa POR"]
[Date "2020.01.29"]
[Round "6.101"]
[White "Clemente, António J"]
[Black "Martins, Domingos"]
[Result "1-0"]
[WhiteElo "1163"]
[BlackElo "1332"]
[WhiteFideId "1961799"]
[BlackFideId "1947389"]
[WhiteCountry "POR"]
[BlackCountry "POR"]
[PlyCount "91"]
[EventDate "2020.01.25"]

1. e4 c5 2. Nf3 e6 3. d3 Nc6 4. g3 Qc7 5. Bg2 Nf6 6. Nbd2 a6 7. O-O b5 8. Re1 d6
9. Nf1 e5 10. h3 h6 11. c4 Be6 12. b3 Rd8 13. Bd2 Qc8 14. N1h2 Nd4 15. Nxd4 cxd4
16. cxb5 axb5 17. a4 Bxh3 18. a5 Bxg2 19. Kxg2 Qa6 20. b4 Be7 21. Rc1 O-O 22.
Rh1 d5 23. Ng4 Nxg4 24. Qxg4 Rd6 25. Rh3 Rg6 26. Qe2 dxe4 27. Qxe4 Bg5 28. Bxg5
Rxg5 29. Rc6 Qa7 30. Rb6 Rg6 31. Rxb5 Qe7 32. Rb7 Qd6 33. b5 Rc8 34. a6 Rc2 35.
g4 Rf6 36. Rf3 g6 37. a7 Ra2 38. Rb8+ Kg7 39. a8=Q Rxa8 40. Rxa8 Re6 41. Ra6 Qd7
42. Rxe6 Qxe6 43. Rg3 Kh7 44. Qc6 Qb3 45. b6 Qxd3 46. Rxd3 1-0

[Event "Portugal Open 2020"]
[Site "Lisboa POR"]
[Date "2020.01.29"]
[Round "6.102"]
[White "Guedes, Rui Pedro"]
[Black "Ferreira, Cristina"]
[Result "1-0"]
[WhiteElo "1109"]
[BlackElo "1011"]
[WhiteFideId "1916084"]
[BlackFideId "1963082"]
[WhiteCountry "POR"]
[BlackCountry "POR"]
[PlyCount "61"]
[EventDate "2020.01.25"]

1. e4 e6 2. Nc3 Nf6 3. d4 d5 4. Bg5 Be7 5. e5 Nfd7 6. Be3 Bg5 7. Qd2 Bxe3 8.
Qxe3 O-O 9. Bd3 c5 10. Qh3 g6 11. Nf3 Nc6 12. Qg4 Qb6 13. Na4 Qb4+ 14. Nc3 cxd4
15. Nxd4 Nxd4 16. Rb1 Nxe5 17. Qd1 Nxd3+ 18. Qxd3 Bd7 19. h4 Bb5 20. Qd2 Rae8
21. h5 Nxc2+ 22. Qxc2 d4 23. hxg6 f5 24. Rxh7 d3 25. Qd2 Qd4 26. Nxb5 Qe4+ 27.
Kf1 f4 28. Nd6 Qxg6 29. Rxb7 Ra8 30. Rc1 a6 31. Rcc7 1-0

[Event "Portugal Open 2020"]
[Site "Lisboa POR"]
[Date "2020.01.30"]
[Round "7.4"]
[White "Alekseev, Evgeny"]
[Black "Haldorsen, Benjamin"]
[Result "1/2-1/2"]
[WhiteElo "2623"]
[BlackElo "2463"]
[WhiteFideId "4138147"]
[BlackFideId "1512633"]
[WhiteTitle "GM"]
[BlackTitle "IM"]
[WhiteCountry "RUS"]
[BlackCountry "NOR"]
[PlyCount "111"]
[EventDate "2020.??.??"]

1. e4 c5 2. Nf3 Nc6 3. Bb5 e6 4. O-O Nge7 5. Re1 a6 6. Bf1 b6 7. b3 d5 8. exd5
Nxd5 9. Bb2 Nf6 10. Na3 Be7 11. Nc4 O-O 12. g3 Bb7 13. Bg2 b5 14. Nfe5 Nxe5 15.
Bxb7 Nxc4 16. bxc4 Ra7 17. Bg2 Rd7 18. cxb5 axb5 19. d3 Nd5 20. a4 bxa4 21. Rxa4
Bf6 22. Bxf6 Qxf6 23. Rc4 Rc8 24. Qb1 g6 25. Qb5 Rdc7 26. d4 Qd8 27. Rxc5 Rxc5
28. dxc5 Qf8 29. c6 Qb4 30. Qxb4 Nxb4 31. Re4 Nxc6 32. Rc4 Ne7 33. Rxc8+ Nxc8
34. c4 Nd6 35. c5 Nb5 36. Kf1 Nd4 37. c6 Nb5 38. Ke2 Kf8 39. Kd3 Ke7 40. Kc4 Nc7
41. Kc5 g5 42. Bf1 h6 43. Bc4 Ne8 44. Bd3 Nc7 45. Bc2 Ne8 46. Kb6 Kd6 47. Kb7
Nc7 48. Bd3 f5 49. f3 Ne8 50. h3 Nc7 51. g4 f4 52. Bg6 Nd5 53. Be4 Nc7 54. Bd3
Nd5 55. Be4 Nc7 56. Bd3 1/2-1/2

[Event "Portugal Open 2020"]
[Site "Lisboa POR"]
[Date "2020.01.30"]
[Round "7.12"]
[White "Mihajlov, Sebastian"]
[Black "Savanovic, Aleksandar"]
[Result "1-0"]
[WhiteElo "2374"]
[BlackElo "2414"]
[WhiteFideId "1512110"]
[BlackFideId "914932"]
[WhiteTitle "IM"]
[BlackTitle "IM"]
[WhiteCountry "NOR"]
[BlackCountry "BIH"]
[PlyCount "69"]
[EventDate "2020.??.??"]

1. e4 e5 2. Nf3 Nc6 3. Bc4 Bc5 4. O-O Nf6 5. d4 exd4 6. e5 d5 7. exf6 dxc4 8.
fxg7 Rg8 9. Bg5 Be7 10. Re1 Be6 11. Bxe7 Kxe7 12. Re4 d3 13. Nbd2 dxc2 14. Qxc2
Qd3 15. Qa4 Rxg7 16. Re3 Qd5 17. Nxc4 b5 18. Qa3+ b4 19. Qb3 Nd4 20. Qxb4+ c5
21. Qc3 Rag8 22. g3 Nxf3+ 23. Rxf3 Qxc4 24. Qf6+ Kd7 25. Rd1+ Kc8 26. Rfd3 Qg4
27. Qe7 Kb8 28. Qd6+ Kb7 29. Ra3 f6 30. Re1 Bc4 31. Qxc5 Kb8 32. Ra4 Rc8 33.
Qd6+ Ka8 34. b3 Rd7 35. Rxc4 1-0

[Event "Portugal Open 2020"]
[Site "Lisboa POR"]
[Date "2020.01.30"]
[Round "7.13"]
[White "Sousa, André V"]
[Black "Bayramov, Zaur"]
[Result "1/2-1/2"]
[WhiteElo "2391"]
[BlackElo "2333"]
[WhiteFideId "1917617"]
[BlackFideId "13405080"]
[WhiteTitle "IM"]
[BlackTitle "FM"]
[WhiteCountry "POR"]
[BlackCountry "AZE"]
[PlyCount "177"]
[EventDate "2020.??.??"]

1. e4 g6 2. d4 Bg7 3. Nf3 c6 4. h3 d5 5. e5 f6 6. c4 Nh6 7. Nc3 fxe5 8. dxe5 e6
9. Bd3 Nf7 10. Bf4 Nd7 11. cxd5 Ndxe5 12. Bxe5 Nxe5 13. Nxe5 Bxe5 14. dxc6 O-O
15. O-O bxc6 16. Bc4 Qf6 17. Qe2 Bd4 18. Rae1 Kh8 19. Ne4 Qh4 20. Qd2 e5 21. Ng5
Qf4 22. Qxf4 Rxf4 23. b3 Kg7 24. Re2 Bd7 25. Be6 h6 26. Bxd7 hxg5 27. Bxc6 Rc8
28. Be4 a5 29. Kh2 Rc3 30. f3 Rf8 31. Rd1 Rfc8 32. Kg3 Kf6 33. Red2 Rd8 34. Kg4
Rc7 35. Rh1 Rh8 36. g3 Rc3 37. Rhd1 Rd8 38. Rh1 Rh8 39. Rhd1 Rd8 40. Rf1 Rh8 41.
Rc2 Rxc2 42. Bxc2 Rc8 43. Be4 Be3 44. Rd1 Bd4 45. Rb1 Bc3 46. Rc1 Rc5 47. Rb1
Rc7 48. a3 Bd4 49. b4 axb4 50. Rxb4 Bc5 51. Rb5 Be3 52. Rd5 Ke6 53. Ra5 Rc1 54.
Ra6+ Ke7 55. Rxg6 Rg1 56. h4 gxh4 57. Kxh4 Bf2 58. Kh3 Ra1 59. Kg2 Bc5 60. Bd5
Bd6 61. Rg7+ Kf6 62. Rf7+ Kg6 63. Rb7 Bxa3 64. Be4+ Kf6 65. Rb6+ Ke7 66. Kh3 Bc5
67. Rb5 Bd4 68. Kh4 Kf6 69. Rd5 Rh1+ 70. Kg4 Rg1 71. f4 exf4 72. Rxd4 Ke5 73.
Ra4 Rxg3+ 74. Kh4 Rg8 75. Bb1 Rg1 76. Be4 Rg8 77. Bf3 Rh8+ 78. Bh5 Rg8 79. Kh3
Rg3+ 80. Kh2 Rg8 81. Rb4 Rg3 82. Ra4 Rg8 83. Bd1 Rg3 84. Bc2 Rc3 85. Re4+ Kd5
86. Re2 Rg3 87. Bf5 Re3 88. Ra2 Rg3 89. Rg2 1/2-1/2

[Event "Portugal Open 2020"]
[Site "Lisboa POR"]
[Date "2020.01.30"]
[Round "7.36"]
[White "Candeias, Humberto"]
[Black "Borges, Guilherme Deola"]
[Result "0-1"]
[WhiteElo "1921"]
[BlackElo "2134"]
[WhiteFideId "1903454"]
[BlackFideId "2109085"]
[WhiteCountry "POR"]
[BlackCountry "BRA"]
[PlyCount "88"]
[EventDate "2020.??.??"]

1. e4 c5 2. Nc3 a6 3. g3 b5 4. d3 Bb7 5. Bg2 e6 6. Nf3 d6 7. O-O Nf6 8. Ng5 h6
9. Nh3 Be7 10. f4 Qc7 11. f5 e5 12. Nd5 Nxd5 13. exd5 c4 14. Re1 cxd3 15. Qxd3
Nd7 16. Be3 O-O 17. Rf1 Nf6 18. Nf2 Rac8 19. c3 Rfe8 20. a4 Qc4 21. Qxc4 bxc4
22. Rfd1 a5 23. Rd2 Rb8 24. g4 Ba8 25. h3 Rb3 26. Kf1 Kf8 27. Nd1 Bd8 28. Bg1
Nd7 29. Ne3 Bb7 30. Be4 Ba6 31. Ra2 Bg5 32. Ke2 Reb8 33. Rc2 Nc5 34. Kf3 Nd3 35.
Bxd3 cxd3 36. Rd2 Bxe3 37. Bxe3 Bc4 38. Ke4 R3b7 39. b4 axb4 40. cxb4 Bxa2 41.
Rxa2 Rxb4+ 42. Kxd3 Rb3+ 43. Ke4 R8b4+ 44. Kf3 Rf4+ 0-1

[Event "Portugal Open 2020"]
[Site "Lisboa POR"]
[Date "2020.01.30"]
[Round "7.41"]
[White "Marzano, Carlo"]
[Black "Fanha, Paulo"]
[Result "1/2-1/2"]
[WhiteElo "2078"]
[BlackElo "1766"]
[WhiteFideId "802980"]
[BlackFideId "1902148"]
[BlackTitle "CM"]
[WhiteCountry "ITA"]
[BlackCountry "POR"]
[PlyCount "115"]
[EventDate "2020.??.??"]

1. d4 d5 2. c4 e6 3. Nc3 f5 4. Bf4 c6 5. e3 Nf6 6. Nf3 Bd6 7. Bd3 O-O 8. O-O Ne4
9. Qc2 g5 10. Bxd6 Nxd6 11. Ne5 Nd7 12. Nxd7 Bxd7 13. c5 Ne4 14. f3 Nxc3 15.
Qxc3 Qc7 16. f4 g4 17. b4 a5 18. a3 b5 19. a4 axb4 20. Qxb4 bxa4 21. Rxa4 Rfb8
22. Rxa8 Rxa8 23. Rb1 Ra2 24. Qb7 Qxb7 25. Rxb7 Be8 26. Rb1 Kf7 27. Bf1 Ke7 28.
Re1 h5 29. Re2 Rxe2 30. Bxe2 h4 31. Kf2 Kd8 32. g3 h3 33. Ke1 Kc7 34. Kd2 Kb7
35. Kc3 Ka7 36. Kb4 Bd7 37. Ka5 Bc8 38. Bd3 Bb7 39. Bc2 Bc8 40. Ba4 Kb7 41. Kb4
Kc7 42. Kc3 Ba6 43. Kd2 Bf1 44. Bb3 Bb5 45. e4 Ba6 46. exf5 exf5 47. Kc3 Bc8 48.
Kb4 Kb7 49. Ka5 Kc7 50. Bc2 Bd7 51. Ka6 Bc8+ 52. Ka7 Bd7 53. Bd3 Bc8 54. Ba6 Bd7
55. Bd3 Bc8 56. Bc2 Be6 57. Bb3 Bf7 58. Bc2 1/2-1/2

[Event "Portugal Open 2020"]
[Site "Lisboa POR"]
[Date "2020.01.30"]
[Round "7.43"]
[White "Lekic, Dusan"]
[Black "Santos, Júlio"]
[Result "1-0"]
[WhiteElo "2343"]
[BlackElo "1880"]
[WhiteFideId "905330"]
[BlackFideId "1900650"]
[WhiteTitle "IM"]
[BlackTitle "NM"]
[WhiteCountry "MNE"]
[BlackCountry "POR"]
[PlyCount "75"]
[EventDate "2020.01.25"]

1. d4 d5 2. c4 e6 3. Nf3 Bb4+ 4. Nc3 Bxc3+ 5. bxc3 Ne7 6. e3 Nd7 7. Qc2 c6 8.
Bd3 Qc7 9. Ba3 e5 10. cxd5 cxd5 11. Nxe5 Nxe5 12. dxe5 Qxe5 13. O-O Bd7 14. f4
Qf6 15. e4 dxe4 16. Bxe4 Rc8 17. Rae1 Rxc3 18. Qb2 Kd8 19. Bxe7+ Kxe7 20. Bc6+
Kd8 21. Bxd7 Qd4+ 22. Kh1 Rd3 23. Qxd4 Rxd4 24. Bg4 Re8 25. Rd1 Rxd1 26. Rxd1+
Kc7 27. g3 Re7 28. Kg2 g6 29. Kf2 f5 30. Bf3 b5 31. h4 b4 32. Rd5 a6 33. Be2 Kc6
34. Ra5 Kb6 35. Rxa6+ Kc5 36. h5 Kd4 37. hxg6 hxg6 38. Rxg6 1-0

[Event "Portugal Open 2020"]
[Site "Lisboa POR"]
[Date "2020.01.30"]
[Round "7.44"]
[White "Rodriguez Lopez, Rafael"]
[Black "Twardowski, Hubert"]
[Result "1/2-1/2"]
[WhiteElo "2212"]
[BlackElo "1875"]
[WhiteFideId "2204495"]
[BlackFideId "1190415"]
[WhiteTitle "IM"]
[WhiteCountry "ESP"]
[BlackCountry "POL"]
[PlyCount "116"]
[EventDate "2020.01.25"]

1. e4 c6 2. Nc3 d5 3. Nf3 dxe4 4. Nxe4 Nf6 5. Qe2 Nxe4 6. Qxe4 Qd5 7. Qh4 Qe6+
8. Be2 Qf6 9. Qxf6 exf6 10. O-O Bd6 11. b3 O-O 12. Bb2 Nd7 13. d4 Nb6 14. c4 Bc7
15. Bd3 Bg4 16. Nh4 Rfe8 17. Rfe1 a5 18. h3 Be6 19. a4 Bf4 20. Bc3 Bd6 21. Nf5
Bf8 22. Ng3 Red8 23. Rad1 Nc8 24. Bf5 Bxf5 25. Nxf5 g6 26. Ne3 Nd6 27. Ng4 Bg7
28. d5 f5 29. Bxg7 Kxg7 30. Ne5 cxd5 31. Rxd5 Ne4 32. Red1 Re8 33. R1d3 Ra6 34.
f4 Re7 35. Rd7 Rae6 36. R3d5 Rxd7 37. Rxd7 Rb6 38. Rxf7+ Kg8 39. g4 fxg4 40.
hxg4 Rxb3 41. Re7 Rb4 42. Nd7 Nd6 43. Nf6+ Kf8 44. Rd7 Nxc4 45. Nxh7+ Kg8 46.
Nf6+ Kf8 47. Kh2 Nb6 48. Rxb7 Nxa4 49. Ra7 Rxf4 50. g5 Rf5 51. Kh3 Nc3 52. Kg4
Nd5 53. Ra8+ Kf7 54. Ra7+ Kf8 55. Ra8+ Kf7 56. Ra7+ Kf8 57. Ra8+ Kf7 58. Ra7+
Kf8 1/2-1/2

[Event "Portugal Open 2020"]
[Site "Lisboa POR"]
[Date "2020.01.30"]
[Round "7.45"]
[White "Morais, Vítor"]
[Black "Rego, Pedro"]
[Result "1/2-1/2"]
[WhiteElo "1864"]
[BlackElo "2208"]
[WhiteFideId "1900552"]
[BlackFideId "1904310"]
[WhiteTitle "NM"]
[BlackTitle "FM"]
[WhiteCountry "POR"]
[BlackCountry "POR"]
[PlyCount "189"]
[EventDate "2020.01.25"]

1. e4 c5 2. Nf3 Nc6 3. Bb5 g6 4. O-O Bg7 5. Re1 Nf6 6. c3 O-O 7. d4 d5 8. e5 Ne4
9. Bxc6 bxc6 10. Nbd2 Nxd2 11. Bxd2 Qb6 12. b3 Bg4 13. Bg5 Rfe8 14. h3 Bxf3 15.
gxf3 f6 16. exf6 exf6 17. Be3 cxd4 18. cxd4 Re6 19. Qd2 Rae8 20. Rad1 Bf8 21.
Qc2 Bb4 22. Rf1 Bd6 23. Kg2 f5 24. Qc1 Qa5 25. a4 Qb4 26. Rd3 Qb7 27. Rc3 Bb4
28. Rd3 Bf8 29. Rfd1 Qf7 30. Bf4 Bg7 31. Re3 Qf6 32. Rxe6 Qxe6 33. Qd2 Qe2 34.
Qc1 Re6 35. Rd2 Qa6 36. Qf1 Qb6 37. Qd3 h6 38. Rd1 Qb4 39. Bc1 Kh7 40. Be3 Qe7
41. Bf4 Qh4 42. Bg3 Qg5 43. Qd2 Qe7 44. Qd3 Bf6 45. Bf4 Kg7 46. Bc1 Qd6 47. f4
Qb4 48. Be3 Bd8 49. Rc1 Bb6 50. Qc3 Qxc3 51. Rxc3 Ba5 52. Rc2 Kf6 53. Kf3 g5 54.
Rc1 Bc7 55. Rc2 a5 56. Rc1 gxf4 57. Bxf4 Bxf4 58. Kxf4 Re4+ 59. Kf3 Rxd4 60.
Rxc6+ Ke5 61. Rxh6 Rd3+ 62. Ke2 Rxb3 63. Ra6 Rxh3 64. Rxa5 Ra3 65. Ra8 Ra2+ 66.
Ke3 Ra3+ 67. Ke2 Ke4 68. Re8+ Kd4 69. Rf8 Rxa4 70. Rxf5 Ra2+ 71. Ke1 Ke4 72. Rf8
Kd3 73. Rf3+ Kc4 74. Rh3 d4 75. f4 Ra1+ 76. Kd2 Rf1 77. Ke2 Rxf4 78. Rh8 Re4+
79. Kd2 Re5 80. Rc8+ Kd5 81. Rd8+ Ke4 82. Rh8 Re7 83. Rh4+ Kd5 84. Rh5+ Kc4 85.
Rh8 Rc7 86. Rh6 Ra7 87. Rc6+ Kd5 88. Rh6 Ra2+ 89. Kd3 Ra3+ 90. Kd2 Rc3 91. Rh8
Rc6 92. Kd3 Rc3+ 93. Kd2 Rc7 94. Kd3 Rc3+ 95. Kd2 1/2-1/2

[Event "Portugal Open 2020"]
[Site "Lisboa POR"]
[Date "2020.01.30"]
[Round "7.46"]
[White "Jaracz, Barbara"]
[Black "Hendrix, Joachim"]
[Result "1-0"]
[WhiteElo "2200"]
[BlackElo "1868"]
[WhiteFideId "1107453"]
[BlackFideId "12958557"]
[WhiteTitle "WGM"]
[WhiteCountry "POL"]
[BlackCountry "GER"]
[PlyCount "57"]
[EventDate "2020.01.25"]

1. e4 g6 2. d4 Bg7 3. Nc3 d6 4. Be3 a6 5. Qd2 b5 6. f3 c6 7. h4 h5 8. Nh3 Bxh3
9. Rxh3 Nd7 10. f4 b4 11. Na4 Ngf6 12. Bd3 Qa5 13. b3 d5 14. e5 Ne4 15. Bxe4
dxe4 16. a3 Rb8 17. axb4 Qxb4 18. Qxb4 Rxb4 19. Nc3 f6 20. Rxa6 O-O 21. Rxc6 Nb8
22. Rc7 e6 23. Rg3 g5 24. Nxe4 g4 25. Nc5 Re8 26. c4 f5 27. Bd2 Rb6 28. Rd3 Rd8
29. Ba5 1-0

[Event "Portugal Open 2020"]
[Site "Lisboa POR"]
[Date "2020.01.30"]
[Round "7.47"]
[White "Pourquet, Matthieu"]
[Black "Coelho, Pedro"]
[Result "1-0"]
[WhiteElo "2198"]
[BlackElo "1856"]
[WhiteFideId "20654642"]
[BlackFideId "1905694"]
[WhiteCountry "FRA"]
[BlackCountry "POR"]
[PlyCount "37"]
[EventDate "2020.01.25"]

1. e4 e5 2. Nc3 Nf6 3. Bc4 Nc6 4. d3 h6 5. f4 Bb4 6. Nf3 d6 7. O-O Bc5+ 8. Kh1
Bg4 9. h3 h5 10. Na4 Nd4 11. Nxc5 dxc5 12. fxe5 Qd7 13. exf6 Bxf3 14. Rxf3 Nxf3
15. fxg7 Rg8 16. Qxf3 Rxg7 17. Qf6 Rg3 18. Qh8+ Ke7 19. Qe5+ 1-0

[Event "Portugal Open 2020"]
[Site "Lisboa POR"]
[Date "2020.01.30"]
[Round "7.48"]
[White "Reis, Luís Sousa"]
[Black "Reis, Luis"]
[Result "1-0"]
[WhiteElo "2187"]
[BlackElo "1855"]
[WhiteFideId "1900609"]
[BlackFideId "1901940"]
[WhiteTitle "NM"]
[WhiteCountry "POR"]
[BlackCountry "POR"]
[PlyCount "79"]
[EventDate "2020.01.25"]

1. e4 e6 2. d4 d5 3. Nd2 Nf6 4. e5 Nfd7 5. Bd3 c5 6. c3 Nc6 7. Ngf3 cxd4 8. cxd4
Be7 9. a3 Qb6 10. Qa4 f6 11. O-O O-O 12. Qc2 fxe5 13. Bxh7+ Kh8 14. dxe5 Ndxe5
15. b4 Nxf3+ 16. Nxf3 Bd7 17. Bb2 d4 18. Nxd4 Nxd4 19. Bxd4 Qxd4 20. Rad1 Qh4
21. Rxd7 Bxb4 22. Rd3 Qxh7 23. Rh3 Qxh3 24. gxh3 Bxa3 25. Qb3 Bc5 26. Qxb7 e5
27. Kg2 a5 28. Qd5 Bd4 29. f4 Rfd8 30. Qf7 e4 31. Rb1 Ra7 32. Qg6 a4 33. Rb5 Bf6
34. Qxe4 Rda8 35. Qe6 Kh7 36. Qe4+ Kg8 37. Qe6+ Kf8 38. Rh5 g6 39. Qxf6+ Rf7 40.
Rh8# 1-0

[Event "Portugal Open 2020"]
[Site "Lisboa POR"]
[Date "2020.01.30"]
[Round "7.49"]
[White "Costa, Paulo"]
[Black "Silva, Tiago Alexandre"]
[Result "1-0"]
[WhiteElo "2179"]
[BlackElo "1855"]
[WhiteFideId "1900900"]
[BlackFideId "1935321"]
[WhiteTitle "NM"]
[WhiteCountry "POR"]
[BlackCountry "POR"]
[PlyCount "71"]
[EventDate "2020.01.25"]

1. Nf3 Nf6 2. g3 e6 3. Bg2 Be7 4. O-O O-O 5. c4 d5 6. d4 dxc4 7. Qc2 a6 8. Qxc4
b5 9. Qc2 Bb7 10. Bd2 Nbd7 11. Ba5 Be4 12. Qc1 Nb6 13. Nbd2 Bb7 14. Rd1 Rc8 15.
Nb3 Nc4 16. Be1 c5 17. Nxc5 Bxc5 18. dxc5 Qc7 19. b3 Bxf3 20. Bxf3 Ne5 21. Bg2
a5 22. a3 Qxc5 23. Qxc5 Rxc5 24. Bxa5 Rc2 25. Rac1 Rxe2 26. Bf1 Ra2 27. Bxb5
Nfg4 28. Bb6 h5 29. h3 Nf3+ 30. Kg2 Nge5 31. a4 h4 32. g4 Ng5 33. Ra1 Rc2 34.
Rdc1 Rxc1 35. Rxc1 Ng6 36. Be3 1-0

[Event "Portugal Open 2020"]
[Site "Lisboa POR"]
[Date "2020.01.30"]
[Round "7.50"]
[White "Porteman, Eric"]
[Black "Röttgen, Jürgen"]
[Result "1/2-1/2"]
[WhiteElo "1847"]
[BlackElo "2131"]
[WhiteFideId "204099"]
[BlackFideId "4629868"]
[WhiteCountry "BEL"]
[BlackCountry "GER"]
[PlyCount "90"]
[EventDate "2020.01.25"]

1. c4 g6 2. Nc3 Nf6 3. g3 Bg7 4. Bg2 O-O 5. Nf3 c6 6. O-O d6 7. d3 a5 8. Rb1 e5
9. Bg5 h6 10. Bd2 Re8 11. Ne1 Qc7 12. Nc2 Nbd7 13. h3 Nc5 14. Be3 Ne6 15. Qd2
Kh7 16. Na4 c5 17. Kh2 Nd4 18. Nc3 Rb8 19. Bxd4 cxd4 20. Nb5 Qd8 21. e3 dxe3 22.
fxe3 Re7 23. Nc3 Be6 24. e4 Nd7 25. Ne3 Nc5 26. Rf2 b6 27. Rbf1 Rbb7 28. Ned5
Re8 29. b3 Rf8 30. Ne3 Na6 31. Ncd5 Nb8 32. Bf3 Nc6 33. Bg4 Nd4 34. Nf6+ Bxf6
35. Rxf6 Bf5 36. Nd5 Bxg4 37. hxg4 Kg7 38. Kg2 Rh8 39. Qd1 Re8 40. Rh1 Rh8 41.
Rf2 b5 42. Qd2 b4 43. Rf6 Ne6 44. Rhf1 Rf8 45. Rh1 Rh8 1/2-1/2

[Event "Portugal Open 2020"]
[Site "Lisboa POR"]
[Date "2020.01.30"]
[Round "7.51"]
[White "Ferreira, Hugo"]
[Black "Marques, Pedro Godinho"]
[Result "1/2-1/2"]
[WhiteElo "2109"]
[BlackElo "1854"]
[WhiteFideId "1915940"]
[BlackFideId "1928414"]
[WhiteCountry "POR"]
[BlackCountry "POR"]
[PlyCount "88"]
[EventDate "2020.01.25"]

1. d4 d5 2. Bf4 Bf5 3. c4 dxc4 4. Nc3 Nf6 5. e3 e6 6. Bxc4 c6 7. Nge2 Nbd7 8.
Ng3 Nb6 9. Be2 Nfd5 10. Be5 Bg6 11. e4 f6 12. exd5 fxe5 13. dxc6 exd4 14. Bb5
Kf7 15. cxb7 Rb8 16. Qf3+ Qf6 17. Nce4 Bb4+ 18. Ke2 Qxf3+ 19. Kxf3 Rxb7 20. a3
Be7 21. Rhd1 Rd8 22. Rac1 h5 23. Nc5 Rbb8 24. Nge4 h4 25. Ke2 Nd5 26. a4 Nc7 27.
Nd7 Rxb5 28. Rxc7 Rxb2+ 29. Rd2 d3+ 30. Ke3 Rxd2 31. Ne5+ Kg8 32. Nxd2 Bd6 33.
Rd7 Rxd7 34. Nxd7 Be8 35. Ne4 Bxh2 36. Ndc5 d2 37. Kxd2 Bf4+ 38. Kd3 Kf7 39. a5
Bb5+ 40. Kd4 Bf1 41. g3 hxg3 42. fxg3 Bc7 43. a6 Bxg3 44. Nxg3 Bxa6 1/2-1/2

[Event "Portugal Open 2020"]
[Site "Lisboa POR"]
[Date "2020.01.30"]
[Round "7.52"]
[White "Quintino, Luís"]
[Black "Fernandes, João Pedro"]
[Result "1/2-1/2"]
[WhiteElo "1839"]
[BlackElo "2099"]
[WhiteFideId "1904086"]
[BlackFideId "1926624"]
[WhiteCountry "POR"]
[BlackCountry "POR"]
[PlyCount "32"]
[EventDate "2020.01.25"]

1. d4 Nf6 2. Bg5 Ne4 3. h4 d5 4. c3 h6 5. Bf4 e6 6. Nf3 Bd6 7. Ne5 Qf6 8. g3 Nd7
9. f3 g5 10. Nxd7 Bxd7 11. fxe4 gxf4 12. e5 Qg7 13. exd6 Qxg3+ 14. Kd2 Qe3+ 15.
Ke1 Qg3+ 16. Kd2 Qe3+ 1/2-1/2

[Event "Portugal Open 2020"]
[Site "Lisboa POR"]
[Date "2020.01.30"]
[Round "7.53"]
[White "Chennaoui, Yasin"]
[Black "Tieres, Cristiano"]
[Result "1-0"]
[WhiteElo "2093"]
[BlackElo "1852"]
[WhiteFideId "1330667"]
[BlackFideId "1924931"]
[WhiteCountry "SUI"]
[BlackCountry "POR"]
[PlyCount "111"]
[EventDate "2020.01.25"]

1. c4 Nf6 2. g3 g6 3. Bg2 Bg7 4. Nc3 O-O 5. e4 d6 6. Nge2 c5 7. O-O Nc6 8. a3
Ne8 9. Rb1 Nc7 10. b4 Ne6 11. d3 Ned4 12. b5 Nxe2+ 13. Nxe2 Nd4 14. Bb2 Nxe2+
15. Qxe2 Bxb2 16. Qxb2 e5 17. h4 Bd7 18. f4 Qe7 19. Rbe1 Bg4 20. Qd2 f6 21. Bf3
Bxf3 22. Rxf3 Rf7 23. Ref1 Raf8 24. f5 Rg7 25. fxg6 Rxg6 26. h5 Rg5 27. Qf2 Kg7
28. Rf5 h6 29. Kg2 Qf7 30. Qe2 Qe7 31. R1f2 Qd8 32. Kh2 Qe8 33. Qf3 Qf7 34. Kh3
Qe8 35. Rf1 Qd7 36. Kh4 Qe6 37. Rf2 Rf7 38. Kh3 Rf8 39. Kg2 Qf7 40. Qd1 Qc7 41.
Qf1 Qf7 42. Qe2 Qe8 43. Qd1 Qd8 44. Qh1 Qe8 45. Qh3 Qe7 46. Kh2 Rf7 47. Kg1 Qc7
48. Rxg5+ hxg5 49. Qf5 Kf8 50. Qg6 Ke7 51. h6 Qd8 52. Kg2 Qh8 53. Rf1 Qh7 54.
Rxf6 Qxg6 55. Rxg6 Rf6 56. h7 1-0

[Event "Portugal Open 2020"]
[Site "Lisboa POR"]
[Date "2020.01.30"]
[Round "7.54"]
[White "Gomes, José Luis"]
[Black "Pastor Alonso De Prado, Alberto"]
[Result "0-1"]
[WhiteElo "1819"]
[BlackElo "2074"]
[WhiteFideId "1901710"]
[BlackFideId "2255740"]
[WhiteCountry "POR"]
[BlackCountry "ESP"]
[PlyCount "56"]
[EventDate "2020.01.25"]

1. c4 b6 2. Nc3 e6 3. e4 Bb7 4. d4 Bb4 5. Bd3 f5 6. d5 fxe4 7. Bxe4 Nf6 8. Bg5
O-O 9. Nge2 h6 10. Bxf6 Qxf6 11. O-O Na6 12. a3 Bc5 13. Bf3 Qh4 14. Ne4 Rae8 15.
g3 Qe7 16. Bg2 exd5 17. cxd5 Qe5 18. b4 Bxd5 19. Nf6+ Rxf6 20. Bxd5+ Kf8 21. Bc4
b5 22. Bd3 Bb6 23. Nf4 Rxf4 24. gxf4 Qxf4 25. Be2 c6 26. Qc1 Qxc1 27. Raxc1 Rxe2
28. Rce1 Bxf2+ 0-1